000 00768cab a2200253 4500
001 ABS57600
008 090401t1997 xxu||||| |||| 00| 0 eng d
035 _a(Sirsi) u80940
041 _aeng
100 _aSaw, P.
245 4 _aThe role of the business case
260 _c1997
350 _a0
490 _aPrivate Finance Initiative Journal
_v2(3) September 1997, 14-16(3)
520 _aConsiders the role of the business case in the implementation of PFI within the context of the health sector. Outlines key components.
650 _aBUSINESS CASE
650 _aHEALTH SERVICE
650 _aNHS
650 _aPFI
650 _aPRIVATE FINANCE INITIATIVE
690 _aPROPERTY-PROPERTY FINANCE AND INVESTMENT
942 _n0
948 _c17/09/1997
999 _c50983
_d50983